000 00833nam a22002657a 4500
001 BR6006651
003 BR-BrBNA
005 20230928095638.0
007 ta
008 230509b bl.||||| |||| 00| 0 por d
040 _aBR-BrBNA
_bpor
_cBiblioteca Nacional de Agricultura
041 _a(Por)
072 _aF00; L00; E30
090 _ F00 BR6006651
110 1 _aMinisterio da Agricultura, Rio de Janeiro, GB (Brasil). Escritorio Tecnico de Agricultura
_96956
245 1 _aProgramacao. Programa 3 - producao agropecuaria. Planos integrados 1968
_bAnexo
260 3 _aRio de Janeiro, GB (Brasil):
_c1968.
300 _avp.
650 _aProducao Vegetal
650 _aProducao Animal
650 _aDesenvolvimento Agricola
650 _aProjeto de Desenvolvimento
909 _a202309
_bLucia
_c55
_dLucia Elande
942 _cBK
999 _c57844
_d57844